| 000 | 00563nam a2200109Ia 4500 | ||
|---|---|---|---|
| 008 | 171212s9999 xx 000 0 und d | ||
| 100 | _aAguila, Emma;Borges, Abril;Kapteyn, Arie;Robles, Rosalba;Weidmer, Beverly A. | ||
| 245 |
_cAguila, Emma;Borges, Abril;Kapteyn, Arie;Robles, Rosalba;Weidmer, Beverly A. _aA Noncontributory Pension Program for Older Persons in Yucatan, Mexico _bImplementing and Designing the Evaluation of the Program in Merida |
||
| 260 |
_bRAND Corporation _c2013 |
||
| 650 | _aFinance | ||
| 856 | _uhttp://www.jstor.org/stable/10.7249/j.ctt6wq8cf | ||
| 999 |
_c351652 _d351652 |
||